Города по Буквам — Б - Statistics

General Stats
  • This quiz has been taken 403 times
  • The average score is 9 of 20
Answer Stats
Подсказка Город % Correct
Столица Таиланда Бангкок
85%
Столица Германии с Бранденбургскими воротами и Рейхтагом Берлин
82%
Столица Киргизии, в советское время назывался Фрунзе Бишкек
78%
Здесь находятся штаб-квартиры ЕС и НАТО Брюссель
69%
Знаменитая крепость-герой, долгое время к современному названию добавлялся "-Литовск" Брест
65%
Этот город подвергся бомбардировкам НАТО в 1999 Белград
64%
Кавказская столица; одна из двух, расположенных ниже уровня моря Баку
57%
Город в Массачусетсе, в котором проходило знаменитое "чаепитие" Бостон
56%
Столица Колумбии, ранее называлась Санта-Фе-де-... Богота
52%
Столица Амурской области, расположена напротив китайского Хэйхэ Благовещенск
52%
Появился в 1873 после объединения двух городов на противоположных берегах Дуная Будапешт
51%
Винная столица мира во французской Аквитании Бордо
38%
В этом итальянском городе был основан старейший в мире университет Болонья
35%
Древний город в Центральной Азии, находится в Узбекистане Бухара
31%
Здесь орудовала банда Острых козырьков Бирмингем
29%
Столица австралийского штата Квинсленд Брисбен
21%
Процветавший в Средневековье, в 1258 его захватили и разрушили монголы Багдад
19%
Столица Бурунди до 2019 года Бужумбура
18%
Известен как "Кремниевая долина Индии" Бангалор
17%
Его название означает "Хороший воздух" Буэнос-Айрес
13%
No matching quizzes found
Score Distribution
Percent of People with Each Score
Percentile by Number Answered
Your Score History
You have not taken this quiz